| 000 | 00487nam a2200169Ia 4500 | ||
|---|---|---|---|
| 003 | OSt | ||
| 005 | 20240814125206.0 | ||
| 008 | 221216s9999||||xx |||||||||||||| ||und|| | ||
| 040 | _cChuka University Library | ||
| 050 |
_aHG 173 _b.M57 2010 |
||
| 100 |
_aMishkin, Frederic S. _91557 |
||
| 245 | 4 | _aThe economics of money, banking and financial markets | |
| 260 |
_aBoston _bPearson _c2010 |
||
| 300 | _aVarious pagings | ||
| 650 |
_a1. Money and financial markets _917481 |
||
| 942 |
_cBK _2lcc |
||
| 999 |
_c2296 _d2296 |
||